000 005280000a22001930004500
001 004052
003 MACL
005 20150731173343.0
008 150731b xxu||||| |||| 00| 0 eng d
040 _aMACL
_cMACL
041 _aEnglish
082 _a352.2/ROY
100 _aRoy, Jaytilak Guha
_93911
245 _aPolicing In Twentyfirst Century
_cJaytilak Guha Roy
260 _aNew Delhi
_c1999
_bIndian Institution Of Pubic Administration,
350 _a400
650 _aPublic Administration
_93912
942 _k352
_cBK
_2ddc
999 _c15943
_d15943